Economics : (Record no. 6088)

MARC details
000 -LEADER
fixed length control field 00634nam a22002057a 4500
003 - CONTROL NUMBER IDENTIFIER
control field OSt
005 - DATE AND TIME OF LATEST TRANSACTION
control field 20251124133652.0
008 - FIXED-LENGTH DATA ELEMENTS--GENERAL INFORMATION
fixed length control field 251124b |||||||| |||| 00| 0 eng d
020 ## - INTERNATIONAL STANDARD BOOK NUMBER
International Standard Book Number 971-27-1337-7.
040 ## - CATALOGING SOURCE
Original cataloging agency DWCL-Main lib.
Transcribing agency OC
082 ## - DEWEY DECIMAL CLASSIFICATION NUMBER
Edition number Vol. 2, New ed.
Classification number Fil. 339 S565e 2003
100 ## - MAIN ENTRY--PERSONAL NAME
Personal name Sicat, Gerardo P.
245 ## - TITLE STATEMENT
Title Economics :
Remainder of title macroeconomics vol 2./
Statement of responsibility, etc. Gerardo P. Sicat
250 ## - EDITION STATEMENT
Edition statement Vol. 2, New ed.
260 ## - PUBLICATION, DISTRIBUTION, ETC.
Place of publication, distribution, etc. Pasig City :
Name of publisher, distributor, etc. Anvil Pub.,
Date of publication, distribution, etc. c2003.
300 ## - PHYSICAL DESCRIPTION
Extent xxii, 467 p.
Other physical details : ill.
Dimensions ; 24 cm.
504 ## - BIBLIOGRAPHY, ETC. NOTE
Bibliography, etc. note Includes index.
650 ## - SUBJECT ADDED ENTRY--TOPICAL TERM
Topical term or geographic name entry element Macroeconomics.
942 ## - ADDED ENTRY ELEMENTS (KOHA)
Source of classification or shelving scheme Dewey Decimal Classification
Koha item type Book-Filipiniana
Edition Vol. 2, New ed.
Classification part Fil.
Suppress in OPAC No
952 ## - LOCATION AND ITEM INFORMATION (KOHA)
--
952 ## - LOCATION AND ITEM INFORMATION (KOHA)
--
952 ## - LOCATION AND ITEM INFORMATION (KOHA)
--
952 ## - LOCATION AND ITEM INFORMATION (KOHA)
--
Holdings
Withdrawn status Lost status Source of classification or shelving scheme Damaged status Not for loan Home library Current library Shelving location Date acquired Source of acquisition Cost, normal purchase price Total Checkouts Full call number Barcode Date last seen Copy number Price effective from Koha item type Uniform Resource Identifier
    Dewey Decimal Classification     College Library College Library Filipiniana 06/23/2008 School Fund 380.00   Fil. 339 S565e 2003 CL45967 11/24/2025 c4 11/24/2025 BK - FIL
    Dewey Decimal Classification     College Library College Library Filipiniana 06/23/2008 School Fund 380.00   Fil. 339 S565e 2003 CL45966 11/24/2025 c3 11/24/2025 BK - FIL
    Dewey Decimal Classification     College Library College Library Filipiniana 11/26/2004 School Fund 380.00   Fil. 339 S565e 2003 CL41387 11/24/2025 c2 11/24/2025 BK - FIL
    Dewey Decimal Classification     College Library College Library Filipiniana 11/26/2004 School Fund 380.00   Fil. 339 S565e 2003 CL41386 11/24/2025 c1 11/24/2025 BK - FIL